Survey of India's export potential to twenty-six selected countries in the Indian ocean basin and nearby areas (Record no. 18942)
[ view plain ]
| 000 -LEADER | |
|---|---|
| fixed length control field | 00727nam a22001577a 4500 |
| 008 - FIXED-LENGTH DATA ELEMENTS--GENERAL INFORMATION | |
| fixed length control field | 230405b |||||||| |||| 00| 0 eng d |
| 040 ## - CATALOGING SOURCE | |
| Original cataloging agency | National Science Library |
| Transcribing agency | National Science Library |
| 080 ## - UNIVERSAL DECIMAL CLASSIFICATION NUMBER | |
| Universal Decimal Classification number | 338:382.6(913) |
| Item number | L0 |
| 245 ## - TITLE STATEMENT | |
| Title | Survey of India's export potential to twenty-six selected countries in the Indian ocean basin and nearby areas |
| Statement of responsibility, etc. | /The Export Promotion Division U. S. Agency for International Development, New Delhi, Survey of India's export prospects in Australia, March 1970 |
| 260 ## - PUBLICATION, DISTRIBUTION, ETC. | |
| Place of publication, distribution, etc. | New Delhi: |
| Name of publisher, distributor, etc. | National Council of Applied Economic Research, |
| Date of publication, distribution, etc. | 1970 |
| 300 ## - PHYSICAL DESCRIPTION | |
| Extent | iii, 442p. |
| 650 ## - SUBJECT ADDED ENTRY--TOPICAL TERM | |
| Topical term or geographic name entry element | Export prospects |
| 653 ## - INDEX TERM--UNCONTROLLED | |
| Uncontrolled term | Economic indicators |
| 653 ## - INDEX TERM--UNCONTROLLED | |
| Uncontrolled term | Trade prospects |
| 942 ## - ADDED ENTRY ELEMENTS (KOHA) | |
| Source of classification or shelving scheme | Universal Decimal Classification |
| Koha item type | Reference |
| Withdrawn status | Lost status | Source of classification or shelving scheme | Damaged status | Not for loan | Home library | Current library | Shelving location | Date acquired | Total Checkouts | Full call number | Barcode | Date last seen | Price effective from | Koha item type |
|---|---|---|---|---|---|---|---|---|---|---|---|---|---|---|
| Universal Decimal Classification | National Science Library | National Science Library | GF/Rk-5/C-6/R-6 | 09/08/2004 | 338:382.6(913) L0 | 194852 | 05/04/2023 | 09/08/2004 | Reference |